Prínosy ERP systémov sa prejavujú najmä v riadení podnikových financií

Vo všeobecnosti sú slovenskí manažéri spokojní so svojím podnikovým informačným systémom. Systém na plánovanie podnikových zdrojov - ERP (Enterprise Resource Planning). Vhodný ERP systém podporuje realizáciu firemnej stratégie. Medzi hlavné obavy implementácie ERP systému patria obavy z nadmerných n...

ver descrição completa

Na minha lista:
Detalhes bibliográficos
Formato: Capítulo de Livro
Idioma:eslovaco
Assuntos:
Tags: Adicionar Tag
Sem tags, seja o primeiro a adicionar uma tag!

MARC

LEADER 00000naa a2200000 4500
001 r040307
005 20230921110250.9
041 0 |a slo 
044 |a SK 
245 1 0 |a Prínosy ERP systémov sa prejavujú najmä v riadení podnikových financií 
520 |a Vo všeobecnosti sú slovenskí manažéri spokojní so svojím podnikovým informačným systémom. Systém na plánovanie podnikových zdrojov - ERP (Enterprise Resource Planning). Vhodný ERP systém podporuje realizáciu firemnej stratégie. Medzi hlavné obavy implementácie ERP systému patria obavy z nadmerných nákladov. Pokrytie podnikových funkcií ERP systémom. 
610 2 0 |a podnikanie 
610 2 0 |a financie podnikové 
610 2 0 |a riadenie 
610 2 0 |a náklady 
610 2 0 |a systémy informačné podnikové 
610 2 0 |a Slovensko 
610 2 0 |a ERP systém